El Arquitecto tčnico y el aparejador frente al nuevo cd̤igo penal gua̕ prc̀tica de uso /

Detalles Bibliográficos
Autor principal: Sopena Grau, Francisco
Formato: Desconocido
Lenguaje:español
Publicado: Barcelona : Cedecs, 1997
Materias:
Acceso en línea:Acceso restringido

MARC

LEADER 00000ny a22000003n 4500
005 20110628122528.0
008 100324s1997 sp 000 0 spa d
020 |a 9788489171695 
035 |a 4845 
040 |a BUH  |d vLex 
080 |a 343.222.4(460):69 
080 |a 347.56(460):69 
090 |c 1162  |d 1162 
100 1 |a Sopena Grau, Francisco 
245 1 3 |a El Arquitecto tčnico y el aparejador frente al nuevo cd̤igo penal  |h [Recurso electrn̤ico]  |b gua̕ prc̀tica de uso /  |c Francisco Sopena Grau 
256 |a Servicio en ln̕ea 
260 |a Barcelona :  |b Cedecs,  |c 1997 
300 |a p. ;  |c cm 
506 1 |a Contenido solo disponible en los productos indicados  |d vLex Global  |d vLex Global (Academic Edition, excluding Law Schools)  |d vLex Global (U.S. Academic Edition, Law Schools)  |d vLex Global (U.S. Academic Edition, excluding Law Schools)  |d vLex Global (Academic Edition, Law Schools) 
650 0 4 |a Aparejadores-  |x Responsabilidad profesional 
650 0 4 |a Arquitectos-  |x Responsabilidad profesional 
650 0 4 |a Construccin̤-  |x Derecho-  |z Espaą 
740 0 |a vLex Libros (Servicios en ln̕ea) 
856 4 0 |u http://vlex.com/source/4845  |z Acceso restringido 
942 |c BOOK 
999 1 7 |a Aparejadores- 
999 1 7 |a Arquitectos- 
999 1 7 |a Construccin̤-  |z Espaą